Carl Liner, 1914-1997 : 19. Dezember 1998-10. April 1999.

Saved in:
Bibliographic Details
Main Author: Liner, Carl, 1914-
Corporate Author: Galerie Iris Wazzau.
Format: Book
Language:German
Published: Davos : Galerie Iris Wazzau, [1998]
Series:Katalog (Galerie Iris Wazzau) ; 38.
Subjects:
Tags: Add Tag
No Tags, Be the first to tag this record!
LEADER 00780nam a2200253 a 4500
001 010078075-X
005 20060810110232.0
008 051115s1998 sz a c 000 0 ger c
035 0 |a ocm62275344 
040 |a OBE  |c OBE 
042 |a pcc 
050 4 |a ND853.L482  |b A4 1998 
100 1 |a Liner, Carl,  |d 1914- 
245 1 0 |a Carl Liner, 1914-1997 :  |b 19. Dezember 1998-10. April 1999. 
260 |a Davos :  |b Galerie Iris Wazzau,  |c [1998] 
300 |a 1 v. (unpaged) :  |b col. ill. ;  |c 21 cm. 
490 1 |a Katalog ;  |v 38 
500 |a Catalog of an exhibition held at the Galerie Iris Wazzau in Davos. 
600 1 0 |a Liner, Carl,  |d 1914-  |v Exhibitions. 
710 2 |a Galerie Iris Wazzau. 
830 0 |a Katalog (Galerie Iris Wazzau) ;  |v 38. 
988 |a 20060810 
049 |a HFLA 
906 |0 OCLC